000 00599cab a2200229 4500
001 ABS49380
008 090401t1993 xxu||||| |||| 00| 0 eng d
035 _a(Sirsi) u71052
041 _aeng
100 _aShoesmith, D.
245 _aHong Kong Market Review
260 _c1993
350 _a0
490 _aBuilding Engineer
_vJune-July 1993, 27-28(2)
520 _aReview of the Hong Kong construction market. Statistics.
650 _aCONSTRUCTION MARKET
650 _aHONG KONG
650 _aSTATISTICS
690 _aOVERSEAS-REST OF THE WORLD
942 _n0
948 _c04/03/1997
999 _c44763
_d44763